Investigation of the anti-amyloidogenic effect of quercetin and choline bitartrate

Elmentve itt :
Bibliográfiai részletek
Szerzők: Bohács István
Erdenebileg Khajidmaa
Kotormán Márta
Dokumentumtípus: Cikk
Megjelent: 2023
Sorozat:CURRENT TOPICS IN PEPTIDE AND PROTEIN RESEARCH 24
Tárgyszavak:
mtmt:34409719
Online Access:http://publicatio.bibl.u-szeged.hu/29272
LEADER 00771nab a2200217 i 4500
001 publ29272
005 20240112090118.0
008 240112s2023 hu o 0|| Angol d
022 |a 0972-4524 
024 7 |a 34409719  |2 mtmt 
040 |a SZTE Publicatio Repozitórium  |b hun 
041 |a Angol 
100 1 |a Bohács István 
245 1 0 |a Investigation of the anti-amyloidogenic effect of quercetin and choline bitartrate  |h [elektronikus dokumentum] /  |c  Bohács István 
260 |c 2023 
300 |a 11-16 
490 0 |a CURRENT TOPICS IN PEPTIDE AND PROTEIN RESEARCH  |v 24 
650 4 |a Biológiai tudományok 
700 0 1 |a Erdenebileg Khajidmaa  |e aut 
700 0 1 |a Kotormán Márta  |e aut 
856 4 0 |u http://publicatio.bibl.u-szeged.hu/29272/1/2023article_pdf.pdf  |z Dokumentum-elérés